<?xml version="1.0" encoding="UTF-8"?>
<record
    xmlns:xsi="http://www.w3.org/2001/XMLSchema-instance"
    xsi:schemaLocation="http://www.loc.gov/MARC21/slim http://www.loc.gov/standards/marcxml/schema/MARC21slim.xsd"
    xmlns="http://www.loc.gov/MARC21/slim">

  <leader>01234nam a2200277 a 4500</leader>
  <controlfield tag="001">BRL_875</controlfield>
  <controlfield tag="005">20190320210932.0</controlfield>
  <controlfield tag="008">211013s1989----u--a######---#000-0#eng-#</controlfield>
  <datafield tag="020" ind1=" " ind2=" ">
    <subfield code="a">0890131732</subfield>
  </datafield>
  <datafield tag="050" ind1=" " ind2="4">
    <subfield code="a">E78.S7</subfield>
    <subfield code="b">.L33 1989</subfield>
  </datafield>
  <datafield tag="110" ind1="2" ind2=" ">
    <subfield code="a">Laboratory of Anthropology (Museo de Nuevo M&#xE9;xico)</subfield>
    <subfield code="9">25207</subfield>
  </datafield>
  <datafield tag="245" ind1="1" ind2="0">
    <subfield code="a">I Am Here</subfield>
    <subfield code="b">two thousand years of Southwest Indian arts and culture</subfield>
    <subfield code="c">Andrew Hunter Whiteford ...[et al.]</subfield>
  </datafield>
  <datafield tag="260" ind1=" " ind2=" ">
    <subfield code="a">Santa Fe, New Mexico</subfield>
    <subfield code="b">Museum of New Mexico Press</subfield>
    <subfield code="c">1989</subfield>
  </datafield>
  <datafield tag="300" ind1=" " ind2=" ">
    <subfield code="a">xii, 209 p.</subfield>
    <subfield code="b">il. (algunas a color)</subfield>
    <subfield code="c">29 cm.</subfield>
  </datafield>
  <datafield tag="440" ind1=" " ind2="0">
    <subfield code="a">Museum of New Mexico Press series in Southwestern culture</subfield>
    <subfield code="9">25208</subfield>
  </datafield>
  <datafield tag="500" ind1=" " ind2=" ">
    <subfield code="a">Au983</subfield>
  </datafield>
  <datafield tag="504" ind1=" " ind2=" ">
    <subfield code="a">Bibliograf&#xED;a: p. 202-205</subfield>
  </datafield>
  <datafield tag="610" ind1="2" ind2="4">
    <subfield code="a">Laboratory of Anthropology (Museo de Nuevo M&#xE9;xico)</subfield>
    <subfield code="x">Cat&#xE1;logos</subfield>
    <subfield code="9">25209</subfield>
  </datafield>
  <datafield tag="650" ind1="1" ind2="4">
    <subfield code="a">Arte ind&#xED;gena</subfield>
    <subfield code="v">Cat&#xE1;logos</subfield>
    <subfield code="z">Suroeste de Nuevo M&#xE9;xico</subfield>
    <subfield code="9">25210</subfield>
  </datafield>
  <datafield tag="650" ind1="1" ind2="4">
    <subfield code="a">Ind&#xED;genas de Am&#xE9;rica del Norte</subfield>
    <subfield code="v">Cat&#xE1;logos</subfield>
    <subfield code="x">Antig&#xFC;edades</subfield>
    <subfield code="z">Suroeste de Nuevo M&#xE9;xico</subfield>
    <subfield code="9">25211</subfield>
  </datafield>
  <datafield tag="650" ind1="1" ind2="4">
    <subfield code="a">Ind&#xED;genas de Am&#xE9;rica del Norte</subfield>
    <subfield code="v">Cat&#xE1;logos</subfield>
    <subfield code="x">Artesanias</subfield>
    <subfield code="z">Suroeste de Nuevo M&#xE9;xico</subfield>
    <subfield code="9">25212</subfield>
  </datafield>
  <datafield tag="651" ind1=" " ind2="4">
    <subfield code="a">Suroeste de Nuevo M&#xE9;xico</subfield>
    <subfield code="v">Cat&#xE1;logos</subfield>
    <subfield code="x">Antig&#xFC;edades</subfield>
    <subfield code="9">25213</subfield>
  </datafield>
  <datafield tag="700" ind1="1" ind2=" ">
    <subfield code="a">Hunter Whiteford, Andrew</subfield>
    <subfield code="9">25214</subfield>
  </datafield>
  <datafield tag="902" ind1=" " ind2=" ">
    <subfield code="a">GRL</subfield>
  </datafield>
  <datafield tag="942" ind1=" " ind2=" ">
    <subfield code="2">lcc</subfield>
    <subfield code="c">B</subfield>
  </datafield>
  <datafield tag="999" ind1=" " ind2=" ">
    <subfield code="c">9687</subfield>
    <subfield code="d">9687</subfield>
  </datafield>
  <datafield tag="952" ind1=" " ind2=" ">
    <subfield code="0">0</subfield>
    <subfield code="1">0</subfield>
    <subfield code="4">0</subfield>
    <subfield code="7">0</subfield>
    <subfield code="a">BRL</subfield>
    <subfield code="b">BRL</subfield>
    <subfield code="d">2013-10-21</subfield>
    <subfield code="i">Au983</subfield>
    <subfield code="l">0</subfield>
    <subfield code="o">E78.S7 .L33 1989 (Au983)</subfield>
    <subfield code="p">GRL00944</subfield>
    <subfield code="r">2019-03-22 00:00:00</subfield>
    <subfield code="w">2019-03-22</subfield>
    <subfield code="y">B</subfield>
  </datafield>
</record>
